ARRUPE JESUIT UNIVERSITY

CORONAVIRUS -STOP THE SPREAD - CLEAN,DISINFECT,COVER

Between tides = Entre les eaux / (Record no. 129140)

MARC details
000 -LEADER
fixed length control field 00928pam a2200253 a 4500
001 - CONTROL NUMBER
control field 597868
003 - CONTROL NUMBER IDENTIFIER
control field ARRUPE
005 - DATE AND TIME OF LATEST TRANSACTION
control field 20190306101840.0
008 - FIXED-LENGTH DATA ELEMENTS--GENERAL INFORMATION
fixed length control field 910521s1991 nyu 000 1 eng
010 ## - LIBRARY OF CONGRESS CONTROL NUMBER
LC control number 91019938
020 ## - INTERNATIONAL STANDARD BOOK NUMBER
International Standard Book Number 0671738585 :
Terms of availability $18.00
040 ## - CATALOGING SOURCE
Original cataloging agency DLC
Transcribing agency DLC
Modifying agency DLC
041 1# - LANGUAGE CODE
Language code of text/sound track or separate title eng
Language code of original and/or intermediate translations of text fre
050 ## - LIBRARY OF CONGRESS CALL NUMBER
Classification number PR9377.9.M8
082 00 - DEWEY DECIMAL CLASSIFICATION NUMBER
Classification number 843
Edition number 20
300 ## - PHYSICAL DESCRIPTION
Dimensions 23 cm.
100 1# - MAIN ENTRY--PERSONAL NAME
Personal name Mudimbe, V. Y.,
Dates associated with a name 1941-
9 (RLIN) 36509
245 10 - TITLE STATEMENT
Title Between tides = Entre les eaux /
Statement of responsibility, etc by V.Y. Mudimbe ; translated from the French by Stephen Becker.
260 ## - PUBLICATION, DISTRIBUTION, ETC. (IMPRINT)
Place of publication, distribution, etc New York, N.Y. :
Name of publisher, distributor, etc Simon & Schuster,
Date of publication, distribution, etc c1991.
300 ## - PHYSICAL DESCRIPTION
Extent 160 p. ;
500 ## - GENERAL NOTE
General note Translation of: Entre les eaux.
906 ## - LOCAL DATA ELEMENT F, LDF (RLIN)
a 7
b cbc
c orignew
d 1
e ocip
f 19
g y-gencatlg
942 ## - ADDED ENTRY ELEMENTS (KOHA)
Source of classification or shelving scheme Library of Congress Classification
Koha item type Monograph ( Printed materials)
Holdings
Withdrawn status Lost status Source of classification or shelving scheme Damaged status Not for loan Collection code Home library Current library Shelving location Date acquired Total Checkouts Full call number Barcode Date last seen Price effective from Koha item type
    Library of Congress Classification     Main Collection ARRUPE LIBRARY ARRUPE LIBRARY Main Collection 06/03/2019   PR9377.9.M8 46600004093 06/03/2019 06/03/2019 Monograph ( Printed materials)

 

Arrupe Library. PO Box MP320 Mt Pleasant, Harare, Zimbabwe
263 242 745411|librarian@aju.ac.zw